Kelestarian masyarakat Orang Asli Terengganu

Bibliographic Details
Other Authors: Candyrilla Vera Bartholomew, Muhammad Fuad Abdullah, Rohani Jani
Format: Book
Published: UMT : Universiti Malaysia Terengganu , 2016
Subjects:

MARC

LEADER 00000cam a2200000 7i4500
001 0000004184
005 20190108.0
020 0 0 |a 9789670962603 
090 0 0 |a 305.899230595122   |b TER 2016 
245 1 0 |a Kelestarian masyarakat Orang Asli Terengganu   |c penyunting Mohd Tajuddin Abdullah...[et.all] 
260 0 0 |a UMT :   |b Universiti Malaysia Terengganu ,   |c 2016 
300 |a vii, 115. :   |b ill.col ;   |c 25 cm. 
500 0 0 |a Includes bibliographyand index 
650 0 0 |a Indigenous people---Terengganu---manners and customs 
650 0 0 |a Indigenous people---Terengganu---social conditions 
650 0 0 |a Rural development 
700 0 1 |a Candyrilla Vera Bartholomew 
700 0 1 |a Muhammad Fuad Abdullah 
700 0 1 |a Rohani Jani 
998 |a JPSM 
999 |a 008062   |b Monograph   |c Open Shelf   |e Default branch